[Event "Titled Tuesday intern op 27th Aug Early"]
[Site "Chess.com INT"]
[Date "2024.08.27"]
[Round "5"]
[White "Mkrtchyan, Mikayel"]
[Black "Ai, Evan Zihao"]
[Result "1-0"]
[WhiteElo "2136"]
[BlackElo "2202"]
[PlyCount "83"]
[EventDate "2024.08.27"]
[EventType "swiss (blitz)"]
[EventRounds "11"]
[EventCountry "USA"]
[SourceTitle "EXT 2025"]
[Source "ChessBase"]
[SourceDate "2024.10.14"]
[SourceVersion "1"]
[SourceVersionDate "2024.10.14"]
[SourceQuality "1"]

1. e4 e5 2. Nf3 Nc6 3. Bb5 a6 4. Ba4 Nf6 5. 0-0 Be7 6. d3 b5 7. Bb3 0-0 8. c3 d5 9. exd5 Nxd5 10. a4 b4 11. h3 Bb7 12. Re1 Bf6 13. Nbd2 bxc3 14. Ne4 Nd4 15. bxc3 Nxf3+ 16. Qxf3 Be7 17. Qg3 f5 18. Qxe5 fxe4 19. dxe4 Bf6 20. Qe6+ Kh8 21. exd5 Bxc3 22. Ba3 Bxe1 23. Bxf8 Bxf2+ 24. Kxf2 Qxf8+ 25. Kg1 Re8 26. Qg4 Bxd5 27. Bxd5 Qc5+ 28. Kh1 Qxd5 29. Rd1 Qe5 30. Qc4 h6 31. Qxa6 Qe4 32. Qb5 c6 33. Qb3 Ra8 34. a5 c5 35. Ra1 c4 36. Qb4 Qd4 37. Rc1 Rc8 38. a6 Qa7 39. Ra1 c3 40. Qb7 Qxb7 41. axb7 Rb8 42. Ra8 1-0

[Event "Titled Tuesday intern op 27th Aug Early"]
[Site "Chess.com INT"]
[Date "2024.08.27"]
[Round "2"]
[White "Mkrtchyan, Mikayel"]
[Black "Kovalev, Vladislav"]
[Result "1-0"]
[WhiteElo "2136"]
[BlackElo "2539"]
[PlyCount "85"]
[EventDate "2024.08.27"]
[EventType "swiss (blitz)"]
[EventRounds "11"]
[EventCountry "USA"]
[SourceTitle "EXT 2025"]
[Source "ChessBase"]
[SourceDate "2024.10.14"]
[SourceVersion "1"]
[SourceVersionDate "2024.10.14"]
[SourceQuality "1"]

1. e4 e5 2. Nf3 Nc6 3. Bb5 a6 4. Ba4 Nf6 5. 0-0 Be7 6. d3 b5 7. Bb3 d6 8. c3 0-0 9. a4 Rb8 10. axb5 axb5 11. h3 h6 12. Re1 Be6 13. Nbd2 Qd7 14. Nf1 Rfe8 15. d4 Bxb3 16. Qxb3 exd4 17. cxd4 Bf8 18. Ng3 g6 19. Bf4 Bg7 20. e5 dxe5 21. dxe5 Nd5 22. Rad1 Nce7 23. Ne4 Qc6 24. Rc1 Qe6 25. Nc5 Qf5 26. Bg3 g5 27. Nd4 Qg6 28. Rcd1 Red8 29. e6 f5 30. Be5 Bxe5 31. Rxe5 Qf6 32. Ree1 Nb6 33. Nc6 Rxd1 34. Nxe7+ Qxe7 35. Rxd1 Qxc5 36. e7+ Kg7 37. Rd8 Qxe7 38. Qg8+ Kf6 39. Rxb8 Nd7 40. Re8 Qd6 41. Qh8+ Kf7 42. Re1 Nf6 43. Qc8 1-0

[Event "Titled Tuesday intern op 20th Aug Early"]
[Site "Chess.com INT"]
[Date "2024.08.20"]
[Round "5"]
[White "Janik, Igor"]
[Black "Mkrtchyan, Mikayel"]
[Result "1-0"]
[WhiteElo "2502"]
[BlackElo "2136"]
[PlyCount "63"]
[EventDate "2024.08.20"]
[EventType "swiss (blitz)"]
[EventRounds "11"]
[EventCountry "USA"]
[SourceTitle "EXT 2025"]
[Source "ChessBase"]
[SourceDate "2024.10.14"]
[SourceVersion "1"]
[SourceVersionDate "2024.10.14"]
[SourceQuality "1"]

1. Nf3 Nf6 2. b3 d5 3. Bb2 Bf5 4. e3 e6 5. Be2 h6 6. 0-0 Be7 7. c4 0-0 8. d3 c6 9. Nbd2 a5 10. a3 Nbd7 11. Rc1 Re8 12. Rc2 Nc5 13. Rc3 Nfd7 14. Qa1 Bf6 15. d4 Ne4 16. Rcc1 Nxd2 17. Nxd2 Bg6 18. Rfe1 Qb6 19. Bf3 Qa6 20. a4 Be7 21. Bc3 Bd6 22. e4 dxe4 23. Nxe4 Bb4 24. Bxb4 axb4 25. Nd6 Red8 26. c5 Nf6 27. Rc4 b5 28. Rxb4 Qa5 29. Qc3 bxa4 30. Nb7 Qc7 31. Nxd8 Rxd8 32. Rxa4 1-0

[Event "Titled Tuesday intern op 20th Aug Early"]
[Site "Chess.com INT"]
[Date "2024.08.20"]
[Round "1"]
[White "Melamed, Daniel"]
[Black "Mkrtchyan, Mikayel"]
[Result "0-1"]
[WhiteElo "2061"]
[BlackElo "2136"]
[PlyCount "74"]
[EventDate "2024.08.20"]
[EventType "swiss (blitz)"]
[EventRounds "11"]
[EventCountry "USA"]
[SourceTitle "EXT 2025"]
[Source "ChessBase"]
[SourceDate "2024.10.14"]
[SourceVersion "1"]
[SourceVersionDate "2024.10.14"]
[SourceQuality "1"]

1. d4 g6 2. e4 Bg7 3. Nf3 c6 4. Nc3 d5 5. e5 Bg4 6. Be2 e6 7. 0-0 Ne7 8. Bg5 h6 9. Bh4 Bxf3 10. Bxf3 g5 11. Bg3 Qb6 12. Na4 Qa5 13. c3 Nd7 14. b4 Qc7 15. Nc5 b6 16. Nd3 Nf5 17. Rc1 b5 18. Nc5 Nxc5 19. bxc5 Qa5 20. Qb3 h5 21. h3 g4 22. hxg4 hxg4 23. Bxg4 Nxg3 24. fxg3 Bh6 25. Ra1 Be3+ 26. Rf2 Ke7 27. a4 Rag8 28. Bf3 Rxg3 29. Qb2 Rb8 30. axb5 Rxb5 31. Rxa5 Rxb2 32. Rxa7+ Kf8 33. Be2 Bxf2+ 34. Kxf2 Rxc3 35. Ra1 Rd2 36. Ke1 Rxd4 37. Ra6 Rxc5 0-1

[Event "Titled Tuesday intern op 06th Aug Early"]
[Site "Chess.com INT"]
[Date "2024.08.06"]
[Round "2"]
[White "Tristan, Leonardo"]
[Black "Mkrtchyan, Mikayel"]
[Result "1-0"]
[WhiteElo "2534"]
[BlackElo "2136"]
[PlyCount "129"]
[EventDate "2024.08.06"]
[EventType "swiss (blitz)"]
[EventRounds "11"]
[EventCountry "USA"]
[SourceTitle "EXT 2025"]
[Source "ChessBase"]
[SourceDate "2024.10.14"]
[SourceVersion "1"]
[SourceVersionDate "2024.10.14"]
[SourceQuality "1"]

1. d4 Nf6 2. Nf3 d5 3. Bf4 c5 4. e3 Nc6 5. c3 Qb6 6. Qc2 cxd4 7. exd4 Bg4 8. Nbd2 e6 9. Bd3 Rc8 10. Qb3 Qxb3 11. axb3 Be7 12. b4 a6 13. h3 Bh5 14. 0-0 0-0 15. Rfe1 Bg6 16. Bxg6 hxg6 17. Nb3 Ne4 18. Nc5 Bxc5 19. bxc5 Na7 20. Ne5 Rfd8 21. f3 Nf6 22. g4 Nd7 23. Nd3 Nb5 24. Kg2 Re8 25. h4 f6 26. Bg3 Kf7 27. Re2 e5 28. dxe5 Nxc5 29. Nxc5 Rxc5 30. Rae1 Rc6 31. exf6 Rxe2+ 32. Rxe2 Kxf6 33. Be5+ Kf7 34. Rd2 Rc8 35. f4 Ke6 36. Bxg7 Nd6 37. Kf3 Ne4 38. Rh2 Rc7 39. Be5 Rh7 40. c4 Nc5 41. cxd5+ Kxd5 42. Rd2+ Kc4 43. Bf6 b5 44. Rd6 a5 45. Bg5 a4 46. Rxg6 b4 47. Bf6 a3 48. bxa3 bxa3 49. h5 a2 50. h6 Nb3 51. g5 Ra7 52. Rg7 Rxg7 53. hxg7 Nd4+ 54. Bxd4 Kxd4 55. g8Q a1Q 56. Qg7+ Kd3 57. Qxa1 Kc2 58. Qe1 Kb3 59. f5 Kc4 60. f6 Kd5 61. f7 Kc6 62. f8Q Kb7 63. Qf6 Ka7 64. Qee7+ Ka8 65. Qff8# 1-0

[Event "Titled Tuesday intern op 16th Jul Early"]
[Site "Chess.com INT"]
[Date "2024.07.16"]
[Round "4"]
[White "Piesik, Piotr"]
[Black "Mkrtchyan, Mikayel"]
[Result "0-1"]
[WhiteElo "2415"]
[BlackElo "2136"]
[PlyCount "68"]
[EventDate "2024.07.16"]
[EventType "swiss (blitz)"]
[EventRounds "11"]
[EventCountry "USA"]
[SourceTitle "EXT 2025"]
[Source "ChessBase"]
[SourceDate "2024.10.14"]
[SourceVersion "1"]
[SourceVersionDate "2024.10.14"]
[SourceQuality "1"]

1. Nf3 c5 2. e4 d6 3. Bb5+ Bd7 4. Bxd7+ Qxd7 5. 0-0 Nf6 6. Qe2 Nc6 7. c4 e5 8. Nc3 Be7 9. d3 0-0 10. Be3 Kh8 11. Nd2 Nd4 12. Bxd4 cxd4 13. Nd5 Nxd5 14. cxd5 Bg5 15. Nc4 b5 16. Na5 f5 17. Nc6 fxe4 18. dxe4 Qb7 19. Rad1 Rf7 20. Rd3 Raf8 21. Qh5 Bf4 22. Rh3 g6 23. Qxg6 Be3 24. Qxd6 Rxf2 25. Rxf2 Rxf2 26. Qxe5+ Qg7 27. Qxg7+ Kxg7 28. Rg3+ Kf8 29. h3 Rf7+ 30. Kh1 Rf1+ 31. Kh2 Bg1+ 32. Kh1 Bf2+ 33. Kh2 Bxg3+ 34. Kxg3 d3 0-1

[Event "Titled Tuesday intern op 25th Jun Early"]
[Site "Chess.com INT"]
[Date "2024.06.25"]
[Round "1"]
[White "Lewandowski, Rafal"]
[Black "Mkrtchyan, Mikayel"]
[Result "1-0"]
[WhiteElo "2106"]
[BlackElo "2136"]
[PlyCount "41"]
[EventDate "2024.06.25"]
[EventType "swiss (blitz)"]
[EventRounds "11"]
[EventCountry "USA"]
[SourceTitle "EXT 2025"]
[Source "ChessBase"]
[SourceDate "2024.10.14"]
[SourceVersion "1"]
[SourceVersionDate "2024.10.14"]
[SourceQuality "1"]

1. e4 d5 2. exd5 Qxd5 3. Nc3 Qa5 4. Bc4 Nf6 5. d3 c6 6. h3 Nbd7 7. Nf3 Ne5 8. Bb3 Bd7 9. Bf4 Ng6 10. Bg3 e6 11. Qe2 Nh5 12. 0-0-0 Nxg3 13. fxg3 Bb4 14. Ne4 0-0-0 15. h4 h6 16. h5 Ne7 17. a3 Bc5 18. Nxc5 Qxc5 19. d4 Qf5 20. Rh4 Qg5+ 21. Nxg5 1-0

[Event "Titled Tuesday intern op 18th Jun Early"]
[Site "Chess.com INT"]
[Date "2024.06.18"]
[Round "2"]
[White "Idani, Pouya"]
[Black "Mkrtchyan, Mikayel"]
[Result "0-1"]
[WhiteElo "2595"]
[BlackElo "2136"]
[PlyCount "116"]
[EventDate "2024.06.18"]
[EventType "swiss (blitz)"]
[EventRounds "11"]
[EventCountry "USA"]
[SourceTitle "EXT 2025"]
[Source "ChessBase"]
[SourceDate "2024.10.14"]
[SourceVersion "1"]
[SourceVersionDate "2024.10.14"]
[SourceQuality "1"]

1. Nf3 Nf6 2. c4 g6 3. Nc3 Bg7 4. e4 d6 5. d4 0-0 6. Be2 Nbd7 7. 0-0 e5 8. Re1 exd4 9. Nxd4 Nc5 10. f3 a5 11. Be3 h6 12. Qd2 Kh7 13. Rad1 Bd7 14. b3 Re8 15. Bf1 Qe7 16. Ndb5 Bxb5 17. cxb5 b6 18. Bc4 Rad8 19. a3 Qd7 20. b4 axb4 21. axb4 Ne6 22. Ra1 Ra8 23. Ra6 Rad8 24. Ra7 Ra8 25. Rea1 Rxa7 26. Rxa7 Rc8 27. Bxb6 Qe8 28. Bf2 Ra8 29. Rxa8 Qxa8 30. Qa2 Qxa2 31. Bxa2 Ng4 32. Bxe6 Nxf2 33. Na4 Bd4 34. Kf1 fxe6 35. Ke2 Kg7 36. Kd2 Kf6 37. Nc3 Bxc3+ 38. Kxc3 Ke5 39. Kc4 g5 40. b6 cxb6 41. Kb5 Nd3 42. Kc4 Nxb4 43. Kxb4 d5 44. exd5 exd5 45. Kc3 b5 46. Kd3 b4 47. g3 d4 48. Kc4 h5 49. Kxb4 g4 50. f4+ Ke4 51. Kb3 Ke3 52. f5 d3 53. Kc4 d2 54. Kd5 d1Q+ 55. Ke6 Kf3 56. Kf6 Kg2 57. Kg5 Kxh2 58. f6 Kxg3 0-1

[Event "Titled Tuesday intern op 18th Jun Early"]
[Site "Chess.com INT"]
[Date "2024.06.18"]
[Round "6"]
[White "Le, Tuan Minh"]
[Black "Mkrtchyan, Mikayel"]
[Result "1-0"]
[WhiteElo "2567"]
[BlackElo "2136"]
[PlyCount "67"]
[EventDate "2024.06.18"]
[EventType "swiss (blitz)"]
[EventRounds "11"]
[EventCountry "USA"]
[SourceTitle "EXT 2025"]
[Source "ChessBase"]
[SourceDate "2024.10.14"]
[SourceVersion "1"]
[SourceVersionDate "2024.10.14"]
[SourceQuality "1"]

1. d4 g6 2. e4 Bg7 3. Nf3 d6 4. Bc4 e6 5. Bb3 b6 6. 0-0 Bb7 7. Re1 c5 8. c3 Ne7 9. Bf4 0-0 10. Nbd2 cxd4 11. cxd4 d5 12. e5 Nbc6 13. Nf1 a5 14. a3 Rc8 15. Ng3 b5 16. h4 h5 17. Bc2 b4 18. Ng5 Nxd4 19. Bd3 Nef5 20. Nxh5 Nxh4 21. Qg4 Nhf5 22. Ng3 Nxg3 23. Qxg3 Nf5 24. Qh3 Re8 25. Bxf5 exf5 26. e6 fxe6 27. Rxe6 Rc6 28. Qh7+ Kf8 29. Qxg6 Re7 30. Rxc6 Bxc6 31. Qxc6 Qd7 32. Qxd7 Rxd7 33. Ne6+ Kf7 34. Nxg7 1-0

[Event "Titled Tuesday intern op 18th Jun Early"]
[Site "Chess.com INT"]
[Date "2024.06.18"]
[Round "9"]
[White "Mkrtchyan, Mikayel"]
[Black "Diao, Matthew Guo"]
[Result "1-0"]
[WhiteElo "2136"]
[BlackElo "2033"]
[PlyCount "107"]
[EventDate "2024.06.18"]
[EventType "swiss (blitz)"]
[EventRounds "11"]
[EventCountry "USA"]
[SourceTitle "EXT 2025"]
[Source "ChessBase"]
[SourceDate "2024.10.14"]
[SourceVersion "1"]
[SourceVersionDate "2024.10.14"]
[SourceQuality "1"]

1. d4 d5 2. e4 dxe4 3. Nc3 Nf6 4. f3 c5 5. d5 e6 6. fxe4 exd5 7. exd5 Be7 8. Nf3 0-0 9. Be2 Na6 10. 0-0 Nc7 11. Bc4 a6 12. a4 Bg4 13. h3 Bh5 14. Bf4 Bd6 15. Bxd6 Qxd6 16. Qd3 Bg6 17. Qd2 Rad8 18. Rad1 b5 19. axb5 axb5 20. Nxb5 Nxb5 21. Bxb5 Qxd5 22. Qxd5 Nxd5 23. c3 Be4 24. Ng5 Bg6 25. Rf2 h6 26. Nf3 Ne3 27. Rxd8 Rxd8 28. Rd2 Rb8 29. c4 Be4 30. Re2 Bxf3 31. Rxe3 Bh5 32. Re5 Bg6 33. Rxc5 Bd3 34. b4 g6 35. Rd5 Be4 36. Rd7 Bf5 37. Rc7 Be6 38. Kf2 Kg7 39. Ke3 Kf6 40. Kd4 Rd8+ 41. Kc3 Bf5 42. c5 Rd1 43. Bc4 Rc1+ 44. Kb3 Rb1+ 45. Ka4 Ra1+ 46. Kb5 Ra8 47. Rxf7+ Kg5 48. c6 Rb8+ 49. Kc5 Rc8 50. b5 Be4 51. g3 h5 52. Be2 h4 53. gxh4+ Kxh4 54. Rf4+ 1-0

[Event "Titled Tuesday intern op 18th Jun Late"]
[Site "Chess.com INT"]
[Date "2024.06.18"]
[Round "1"]
[White "Mkrtchyan, Mikayel"]
[Black "Paval, George"]
[Result "1-0"]
[WhiteElo "2136"]
[BlackElo "2140"]
[PlyCount "65"]
[EventDate "2024.06.18"]
[EventType "swiss (blitz)"]
[EventRounds "11"]
[EventCountry "USA"]
[SourceTitle "EXT 2025"]
[Source "ChessBase"]
[SourceDate "2024.10.14"]
[SourceVersion "1"]
[SourceVersionDate "2024.10.14"]
[SourceQuality "1"]

1. d4 Nf6 2. Nc3 d5 3. e4 dxe4 4. f3 exf3 5. Nxf3 Bg4 6. h3 Bh5 7. g4 Bg6 8. Ne5 Nbd7 9. Nxg6 hxg6 10. Bc4 e6 11. Be3 Nb6 12. Bb5+ c6 13. Bd3 Nbd5 14. Bg5 Qa5 15. Bd2 Nxc3 16. bxc3 Be7 17. Qf3 Qd5 18. 0-0 Qxf3 19. Rxf3 0-0 20. Rb1 b6 21. g5 Nd7 22. Ba6 c5 23. Bf4 cxd4 24. cxd4 e5 25. dxe5 Nc5 26. Bc4 Rad8 27. Rbf1 Rd4 28. Bb5 Ne6 29. h4 Bc5 30. Kg2 Rd5 31. Bc4 Rd4 32. Bb3 a5 33. Be3 1-0

[Event "Titled Tuesday intern op 21st May Late"]
[Site "Chess.com INT"]
[Date "2024.05.21"]
[Round "5"]
[White "Mkrtchyan, Mikayel"]
[Black "Bacrot, Etienne"]
[Result "0-1"]
[WhiteElo "2131"]
[BlackElo "2684"]
[PlyCount "76"]
[EventDate "2024.05.21"]
[EventType "swiss (blitz)"]
[EventRounds "11"]
[EventCountry "USA"]
[SourceTitle "CBM 220 Extra"]
[Source "ChessBase"]
[SourceDate "2024.07.31"]
[SourceVersion "1"]
[SourceVersionDate "2024.07.31"]
[SourceQuality "1"]

1. c4 e5 2. g3 c6 3. Nf3 e4 4. Nd4 d5 5. cxd5 Qxd5 6. e3 Nf6 7. Nc3 Qe5 8. f4 exf3 9. Nxf3 Qe7 10. Bg2 g6 11. 0-0 Bg7 12. e4 0-0 13. d4 Bg4 14. h3 Bxf3 15. Qxf3 Nfd7 16. Be3 Nb6 17. Rad1 Na6 18. e5 Nb4 19. Ne4 N6d5 20. Bg5 Qe6 21. Nc5 Qc8 22. a3 Na6 23. Nxa6 bxa6 24. Rc1 Rb8 25. Qe2 Qd7 26. Kh2 h6 27. Bf6 Bxf6 28. exf6 Rfe8 29. Qd2 Kh7 30. b4 Re6 31. Bxd5 Qxd5 32. Rc5 Qd7 33. Rf2 Rd8 34. Rc4 Qd5 35. Qc2 Rde8 36. Rd2 Qf3 37. Rc3 Re2+ 38. Rxe2 Rxe2+ 0-1

[Event "Titled Tuesday intern op 21st May Early"]
[Site "Chess.com INT"]
[Date "2024.05.21"]
[Round "6"]
[White "Mkrtchyan, Mikayel"]
[Black "Dwilewicz, Katarzyna"]
[Result "1-0"]
[WhiteElo "2131"]
[BlackElo "2130"]
[PlyCount "63"]
[EventDate "2024.05.21"]
[EventType "swiss (blitz)"]
[EventRounds "11"]
[EventCountry "USA"]
[SourceTitle "CBM 220 Extra"]
[Source "ChessBase"]
[SourceDate "2024.07.31"]
[SourceVersion "1"]
[SourceVersionDate "2024.07.31"]
[SourceQuality "1"]

1. e4 c5 2. Nf3 e6 3. d4 cxd4 4. Nxd4 Nc6 5. Nc3 Qc7 6. Be3 a6 7. Be2 Nf6 8. 0-0 Be7 9. f4 d6 10. Bf3 0-0 11. a4 Bd7 12. Qe2 Na5 13. Rad1 Rac8 14. Qf2 Rfd8 15. Nxe6 Bxe6 16. Bb6 Qc4 17. Bxa5 Re8 18. b3 Qc5 19. Qxc5 dxc5 20. f5 Bd7 21. e5 Bxf5 22. exf6 Bxf6 23. Bxb7 Bxc2 24. Bxc8 Bxd1 25. Bd7 Bd4+ 26. Kh1 Re7 27. Rxd1 Rxd7 28. Ne2 f6 29. Bc3 Rb7 30. Bxd4 cxd4 31. Nxd4 Kf7 32. Kg1 1-0

[Event "Titled Tuesday intern op 21st May Late"]
[Site "Chess.com INT"]
[Date "2024.05.21"]
[Round "2"]
[White "Mkrtchyan, Mikayel"]
[Black "Korobov, Anton"]
[Result "0-1"]
[WhiteElo "2131"]
[BlackElo "2651"]
[PlyCount "96"]
[EventDate "2024.05.21"]
[EventType "swiss (blitz)"]
[EventRounds "11"]
[EventCountry "USA"]
[SourceTitle "CBM 220 Extra"]
[Source "ChessBase"]
[SourceDate "2024.07.31"]
[SourceVersion "1"]
[SourceVersionDate "2024.07.31"]
[SourceQuality "1"]

1. e4 c5 2. Nf3 d6 3. d4 cxd4 4. Nxd4 Nf6 5. Nc3 a6 6. f3 Qb6 7. Nb3 e6 8. Qe2 Nc6 9. Be3 Qc7 10. 0-0-0 b5 11. g4 Nd7 12. Qf2 Rb8 13. f4 Nb6 14. f5 b4 15. Nb1 Ne5 16. Rg1 Nbc4 17. Bd4 Be7 18. N1d2 Nxd2 19. Nxd2 Bb7 20. Kb1 Rc8 21. Rc1 Bg5 22. Be3 Bxe3 23. Qxe3 Qc5 24. Qxc5 Rxc5 25. Nb3 Rc7 26. Bg2 Ke7 27. h3 g5 28. Rge1 h5 29. gxh5 Rxh5 30. Rcd1 Rh4 31. Re2 Rc4 32. Na5 Rcxe4 33. Bxe4 Bxe4 34. fxe6 Kxe6 35. Rde1 f5 36. Nb3 Rxh3 37. Nd2 d5 38. Rg1 g4 39. Kc1 Nf3 40. Nxf3 Rxf3 41. Kd2 Ke5 42. Rh2 Kf4 43. Ke2 Bxc2 44. Rf2 Be4 45. Rxf3+ Bxf3+ 46. Kf2 d4 47. Re1 g3+ 48. Kg1 d3 0-1

[Event "Titled Tuesday intern op 21st May Late"]
[Site "Chess.com INT"]
[Date "2024.05.21"]
[Round "11"]
[White "Mkrtchyan, Mikayel"]
[Black "Melillo, Lucius"]
[Result "1-0"]
[WhiteElo "2131"]
[BlackElo "2297"]
[PlyCount "175"]
[EventDate "2024.05.21"]
[EventType "swiss (blitz)"]
[EventRounds "11"]
[EventCountry "USA"]
[SourceTitle "CBM 220 Extra"]
[Source "ChessBase"]
[SourceDate "2024.07.31"]
[SourceVersion "1"]
[SourceVersionDate "2024.07.31"]
[SourceQuality "1"]

1. e4 e5 2. Nf3 Nf6 3. Nc3 Nc6 4. g3 d5 5. exd5 Nxd5 6. Nxd5 Qxd5 7. Bg2 Be6 8. 0-0 Qd7 9. a3 0-0-0 10. b4 f6 11. d3 Bh3 12. b5 Nd4 13. Nxd4 Bxg2 14. Kxg2 Qxd4 15. Be3 Qd5+ 16. Kg1 Qxb5 17. Rb1 Qc6 18. Qg4+ Qd7 19. Qe4 Qd5 20. Qg4+ Qd7 21. Qe4 Qc6 22. Qxc6 bxc6 23. Bxa7 Bxa3 24. Rb3 Bd6 25. Rfb1 Kd7 26. Be3 Ra8 27. c4 Ra5 28. Kg2 Rha8 29. Rb7 Bc5 30. Kf3 Bxe3 31. Kxe3 Ra3 32. Rb8 h6 33. h4 g6 34. h5 gxh5 35. Rxa8 Rxa8 36. Rh1 Ke6 37. Rxh5 Rh8 38. g4 Kf7 39. f3 Kg6 40. Rh1 h5 41. gxh5+ Rxh5 42. Rb1 Rh7 43. Ke4 Rd7 44. Rb8 f5+ 45. Kxe5 Rxd3 46. Rg8+ Kf7 47. Rc8 Rxf3 48. Rxc7+ Ke8 49. Rxc6 Kd7 50. Rf6 Re3+ 51. Kd5 Rd3+ 52. Ke5 Re3+ 53. Kd4 Rf3 54. c5 Rf1 55. Ke5 Re1+ 56. Kd5 Rd1+ 57. Ke5 Re1+ 58. Kd4 Rd1+ 59. Kc4 Rc1+ 60. Kb5 Rb1+ 61. Ka6 Ra1+ 62. Kb7 Rb1+ 63. Rb6 Rxb6+ 64. cxb6 f4 65. Ka7 f3 66. b7 f2 67. b8Q f1Q 68. Qb7+ Kd6 69. Qb8+ Kd5 70. Qd8+ Ke4 71. Qe7+ Kd3 72. Qe8 Qa1+ 73. Kb6 Qb2+ 74. Kc5 Qc3+ 75. Kd6 Qb4+ 76. Kc7 Qc5+ 77. Kb8 Qd6+ 78. Ka7 Kc4 79. Qa4+ Kc5 80. Qa3+ Kc6 81. Qf3+ Kb5 82. Qe2+ Kc6 83. Qg2+ Kc7 84. Qb7+ Kd8 85. Qa8+ Ke7 86. Qe4+ Kd7 87. Kb7 Qb4+ 88. Qxb4 1-0

[Event "Titled Tuesday intern op 21st May Late"]
[Site "Chess.com INT"]
[Date "2024.05.21"]
[Round "6"]
[White "Novikov, Evgenij"]
[Black "Mkrtchyan, Mikayel"]
[Result "0-1"]
[WhiteElo "2276"]
[BlackElo "2131"]
[PlyCount "102"]
[EventDate "2024.05.21"]
[EventType "swiss (blitz)"]
[EventRounds "11"]
[EventCountry "USA"]
[SourceTitle "CBM 220 Extra"]
[Source "ChessBase"]
[SourceDate "2024.07.31"]
[SourceVersion "1"]
[SourceVersionDate "2024.07.31"]
[SourceQuality "1"]

1. d4 Nf6 2. Nf3 g6 3. Bf4 Bg7 4. e3 0-0 5. h3 d6 6. Be2 b6 7. 0-0 Bb7 8. c4 Nbd7 9. Nc3 Re8 10. d5 e5 11. dxe6 fxe6 12. Qc2 Qe7 13. Rfd1 a6 14. Bh2 Rf8 15. Rac1 Nc5 16. b3 Nfe4 17. Nxe4 Bxe4 18. Qd2 Rf7 19. Ne1 Raf8 20. Bg3 Bc6 21. f3 Qg5 22. Kh2 Bh6 23. Rc3 e5 24. Qc2 Ne6 25. b4 Bb7 26. a3 Ng7 27. Bf2 Nh5 28. c5 bxc5 29. bxc5 d5 30. c6 Bc8 31. Rxd5 Be6 32. Bc4 Qf6 33. Rc5 Ng7 34. Bxe6 Nxe6 35. Rd5 Ng5 36. Rd7 Ne6 37. Rxf7 Rxf7 38. Rd3 Bf8 39. Rd7 Rxd7 40. cxd7 Qd8 41. Qc6 Bd6 42. Nd3 e4+ 43. Nf4 exf3 44. gxf3 Nf8 45. Bg3 Qxd7 46. Qc4+ Kg7 47. Qxa6 Qe7 48. Qd3 Bxa3 49. Qc3+ Kg8 50. Nd5 Qc5 51. Qe5 Qc2+ 0-1

[Event "Titled Tuesday intern op 14th May Late"]
[Site "Chess.com INT"]
[Date "2024.05.14"]
[Round "10"]
[White "Grischuk, Alexander"]
[Black "Mkrtchyan, Mikayel"]
[Result "1-0"]
[WhiteElo "2728"]
[BlackElo "2132"]
[PlyCount "67"]
[EventDate "2024.05.14"]
[EventType "swiss (blitz)"]
[EventRounds "11"]
[EventCountry "USA"]
[SourceTitle "CBM 220 Extra"]
[Source "ChessBase"]
[SourceDate "2024.07.31"]
[SourceVersion "1"]
[SourceVersionDate "2024.07.31"]
[SourceQuality "1"]

1. d4 Nf6 2. c4 e6 3. Bg5 h6 4. Bh4 c5 5. d5 Qa5+ 6. Nc3 Ne4 7. Qc2 Nxc3 8. bxc3 d6 9. e3 Bd7 10. Bd3 Ba4 11. Qb2 Qb6 12. Qd2 g5 13. Bg3 Bg7 14. h4 Nd7 15. Rb1 Qa6 16. dxe6 fxe6 17. Bg6+ Ke7 18. Ne2 Ne5 19. Bxe5 Bxe5 20. Be4 Bc6 21. Qc2 Raf8 22. h5 Kd7 23. Bxc6+ Qxc6 24. 0-0 Rf6 25. Qd3 b6 26. a4 a5 27. f4 gxf4 28. exf4 Rf5 29. fxe5 Rg8 30. g3 Rgg5 31. Rxf5 Rxf5 32. Rf1 Rxf1+ 33. Kxf1 Qh1+ 34. Kf2 1-0

[Event "Titled Tuesday intern op 14th May Late"]
[Site "Chess.com INT"]
[Date "2024.05.14"]
[Round "2"]
[White "Mkrtchyan, Mikayel"]
[Black "Ivic, Velimir"]
[Result "0-1"]
[WhiteElo "2132"]
[BlackElo "2596"]
[PlyCount "122"]
[EventDate "2024.05.14"]
[EventType "swiss (blitz)"]
[EventRounds "11"]
[EventCountry "USA"]
[SourceTitle "CBM 220 Extra"]
[Source "ChessBase"]
[SourceDate "2024.07.31"]
[SourceVersion "1"]
[SourceVersionDate "2024.07.31"]
[SourceQuality "1"]

1. e4 c5 2. c3 d5 3. exd5 Nf6 4. Bb5+ Nbd7 5. c4 a6 6. Bxd7+ Bxd7 7. Nf3 e6 8. dxe6 Bxe6 9. b3 Bd6 10. 0-0 0-0 11. h3 Qd7 12. Bb2 Bxh3 13. Ng5 Bg4 14. Qc2 Bf5 15. Qc3 Rfe8 16. Na3 Be5 17. Qc1 Bd3 18. Re1 Bf4 19. Nh3 Rxe1+ 20. Qxe1 Re8 21. Nxf4 Rxe1+ 22. Rxe1 h6 23. Bxf6 gxf6 24. Nd5 Kg7 25. Nb1 b5 26. Nbc3 bxc4 27. bxc4 Bxc4 28. Ne3 Qxd2 29. Nf5+ Kh7 30. Re3 Be6 31. Ng3 f5 32. Nce2 Qxa2 33. Nf4 Kg7 34. Ngh5+ Kf8 35. Nf6 Ke7 36. N6d5+ Kd6 37. Nc3 Qa1+ 38. Kh2 c4 39. Nfe2 a5 40. Nd4 Kc5 41. Nde2 a4 42. Re5+ Kb6 43. Rb5+ Kc6 44. Nd4+ Kd7 45. Nde2 a3 46. Ra5 Qb2 47. Ra7+ Ke8 48. Ra8+ Ke7 49. Ra7+ Kf6 50. Ra6 f4 51. Nd5+ Ke5 52. Ndc3 f3 53. gxf3 Kf5 54. Kg3 h5 55. Ra5+ Kg6 56. Kh4 Bf5 57. Ra6+ Kg7 58. Ra5 Bd3 59. Rb5 Bxe2 60. Rxb2 axb2 61. Kg3 Bd3 0-1

[Event "Titled Tuesday intern op 14th May Late"]
[Site "Chess.com INT"]
[Date "2024.05.14"]
[Round "11"]
[White "Mkrtchyan, Mikayel"]
[Black "Petriashvili, Nikoloz"]
[Result "1/2-1/2"]
[WhiteElo "2132"]
[BlackElo "2475"]
[PlyCount "95"]
[EventDate "2024.05.14"]
[EventType "swiss (blitz)"]
[EventRounds "11"]
[EventCountry "USA"]
[SourceTitle "CBM 220 Extra"]
[Source "ChessBase"]
[SourceDate "2024.07.31"]
[SourceVersion "1"]
[SourceVersionDate "2024.07.31"]
[SourceQuality "1"]

1. e4 g6 2. Nf3 Bg7 3. d4 d6 4. Nc3 Nf6 5. Be2 0-0 6. 0-0 Bg4 7. h3 Bxf3 8. Bxf3 Nc6 9. d5 Ne5 10. Be2 c6 11. f4 Ned7 12. dxc6 bxc6 13. Be3 Qa5 14. Qd2 Rab8 15. Rab1 Rfd8 16. b3 Nc5 17. Bd3 Qa3 18. e5 dxe5 19. fxe5 Nfe4 20. Nxe4 Nxe4 21. Qc1 Qxc1 22. Rbxc1 Nc3 23. e6 f5 24. Bxa7 Ra8 25. Bc5 Bf6 26. a4 Bd4+ 27. Bxd4 Rxd4 28. Rfe1 Kg7 29. Re5 Kf6 30. Rc5 Na2 31. Ra1 Nb4 32. c3 Rxd3 33. cxb4 Rxb3 34. Rc4 Ra6 35. a5 Kxe6 36. Rac1 Kd7 37. Rd1+ Kc7 38. Re1 Kd6 39. Rd1+ Ke5 40. Re1+ Kd5 41. Rc5+ Kd6 42. Rd1+ Kc7 43. Re5 Rxb4 44. Rxe7+ Kc8 45. Re8+ Kc7 46. Re7+ Kc8 47. Re8+ Kc7 48. Re7+ 1/2-1/2